[Event "POL-chT3"]
[Site "Jastrzebia Gora POL"]
[Date "2015.??.??"]
[Round "8.73"]
[White "Suliborski, Jakub"]
[Black "Zochowski, Kacper"]
[Result "1/2-1/2"]
[WhiteElo "2071"]
[BlackElo "2230"]
[EventDate "2015.??.??"]
[WhiteTitle "I++"]
[BlackTitle "k"]

1.e4 c5 2.Nf3 d6 3.d4 cxd4 4.Nxd4 Nf6 5.Nc3 a6 6.Be3 Ng4 7.Bg5 h6 8.Bh4 g5
9.Bg3 Bg7 10.Nf5 Bxf5 11.exf5 Qa5 12.Qd3 Nc6 13.Be2 Nge5 14.Qd5 Qb6 15.Qb3
Qxb3 16.axb3 Nd4 17.Bxe5 Bxe5 18.Bd3 e6 19.fxe6 fxe6 20.O-O-O Rf8 21.f3 
Rc8 22.Kb1 Rf4 23.Ne2 Nxe2 24.Bxe2 Ke7 25.h3 a5 26.c3 a4 27.g3 Rf5 28.g4 
Rf4 29.bxa4 Rxa4 30.h4 Bf6 31.hxg5 Bxg5 32.Kc2 Rca8 33.Rhe1 Bh4 34.Rh1 Bg5
35.Rhe1 Bh4 36.Rh1 Bg5 37.Rhe1 1/2-1/2

[Event "POL-chT3"]
[Site "Jastrzebia Gora POL"]
[Date "2015.??.??"]
[Round "8.74"]
[White "Smieszek, Wojciech"]
[Black "Kowalec, Maciej"]
[Result "1-0"]
[WhiteElo "2154"]
[BlackElo "2005"]
[EventDate "2015.??.??"]
[WhiteTitle "k"]
[BlackTitle "k"]

1.Nf3 Nf6 2.b3 d6 3.d4 g6 4.Bb2 Bg7 5.g3 O-O 6.Bg2 c5 7.O-O Qc7 8.c4 cxd4 
9.Nxd4 Nc6 10.Nc3 a6 11.Rc1 e6 12.e4 Rd8 13.Nc2 b6 14.Ne3 Bb7 15.Qd2 Rac8 
16.Rfd1 Ne8 17.Ne2 Qe7 18.Bxg7 Kxg7 19.Nd4 Nf6 20.h4 h5 21.Re1 Qc7 22.Nd5 
exd5 23.cxd5 Qe7 24.dxc6 Ba8 25.Nf5+ gxf5 26.Qg5+ Kh7 27.exf5 Qf8 28.Qxf6 
Qg7 29.Qxg7+ Kxg7 30.c7 Rf8 31.f6+ 1-0

[Event "POL-chT3"]
[Site "Jastrzebia Gora POL"]
[Date "2015.??.??"]
[Round "8.75"]
[White "Parol, Pawel"]
[Black "Borawski, Jakub"]
[Result "1/2-1/2"]
[WhiteElo "2039"]
[BlackElo "2020"]
[EventDate "2015.??.??"]
[WhiteTitle "I++"]
[BlackTitle "I++"]

1.Nf3 d5 2.c4 d4 3.d3 Nc6 4.e4 e5 5.Be2 Bb4+ 6.Bd2 a5 7.O-O Nge7 8.a3 Bxd2
9.Nbxd2 Ng6 10.Ne1 h5 11.g3 Bh3 12.Ng2 Qg5 13.Nf3 Qh6 14.Qd2 Bg4 15.Qxh6 
Rxh6 16.b3 Nf8 17.Ra2 Ne6 18.Rb1 Ra6 19.Nfe1 Rb6 20.f3 Bh3 21.Bd1 Nb8 22.
b4 c5 23.Ba4+ Kd8 24.Bb5 axb4 25.axb4 cxb4 26.Nc2 b3 27.Rxb3 Nc5 28.Rba3 
Nca6 29.Rb2 Bd7 30.f4 f6 31.Kf2 Nc5 32.Nge1 h4 33.Kg2 hxg3 34.hxg3 g6 35.
Nf3 exf4 36.gxf4 Ne6 37.Kg3 Bxb5 38.cxb5 1/2-1/2

[Event "POL-chT3"]
[Site "Jastrzebia Gora POL"]
[Date "2015.??.??"]
[Round "8.76"]
[White "Czaplewska, Klara"]
[Black "Jozwik, Jacek"]
[Result "1-0"]
[WhiteElo "1914"]
[BlackElo "2012"]
[EventDate "2015.??.??"]
[WhiteTitle "I++"]
[BlackTitle "I"]

1.e4 c6 2.d4 d5 3.Nc3 dxe4 4.Nxe4 Bf5 5.Ng3 Bg6 6.h4 h6 7.h5 Bh7 8.Nf3 Nd7
9.Bd3 Bxd3 10.Qxd3 e6 11.Bd2 Ngf6 12.O-O-O Be7 13.Qe2 c5 14.dxc5 Qc7 15.
Ne4 O-O 16.Kb1 Nxe4 17.Qxe4 Nf6 18.Qe2 Qxc5 19.Be3 Qa5 20.Nd4 Rfd8 21.Bd2 
Qd5 22.Bc1 Qe4 23.Qxe4 Nxe4 24.Be3 Bg5 25.Bxg5 hxg5 26.Rhf1 g4 27.Kc1 Rd5 
28.Ne2 Rxh5 29.Rd4 Nf6 30.Rb4 b5 31.a4 a6 32.Nc3 bxa4 33.Rxa4 Rf5 34.Ne4 
Nd5 35.Kd2 Nf4 36.g3 Rd8+ 37.Kc3 Ne2+ 38.Kb3 Rf3+ 39.c3 f5 40.Ng5 Rfd3 41.
Nxe6 R8d6 42.Nc5 Rf3 43.Raa1 Rc6 44.Kc4 f4 45.Rae1 fxg3 46.Rxe2 g2 47.Rg1 
Rf4+ 48.Kd5 Rcf6 49.Rxg2 R6f5+ 50.Kd6 Rc4 51.Ne4 Rf4 52.Ke5 Rf8 53.Rxg4 
Rc7 54.Rg6 Re7+ 55.Re6 1-0

[Event "POL-chT3"]
[Site "Jastrzebia Gora POL"]
[Date "2015.??.??"]
[Round "8.77"]
[White "Suliborski, Artur"]
[Black "Dmochowska, Agnieszka"]
[Result "0-1"]
[WhiteElo "1884"]
[BlackElo "1973"]
[EventDate "2015.??.??"]
[WhiteTitle "I"]
[BlackTitle "WCM"]

1.e4 c5 2.Nf3 d6 3.d4 cxd4 4.Nxd4 Nf6 5.Nc3 Nc6 6.Bg5 e6 7.Qd2 a6 8.O-O-O 
Be7 9.f4 Bd7 10.Be2 Rc8 11.Kb1 b5 12.Bf3 O-O 13.e5 dxe5 14.Nxc6 Bxc6 15.
Qxd8 Bxd8 16.Bxc6 Rxc6 17.fxe5 h6 18.Bh4 Nd5 19.Bxd8 Rxd8 20.Ne4 Rdc8 21.
c3 Ne3 22.Rd7 R8c7 23.Rd8+ Kh7 24.Re1 Nxg2 25.Rg1 Nf4 26.Nd6 Ng6 27.h4 
Nxe5 28.Ne8 Rc8 29.Rxc8 Rxc8 30.Nd6 Rd8 31.Nb7 Rd5 32.b3 Nf3 33.Rg4 f5 34.
Rf4 Nd2+ 35.Kc2 Ne4 36.c4 Rd2+ 37.Kc1 Rd7 38.Na5 g5 39.Rf1 g4 0-1

[Event "POL-chT3"]
[Site "Jastrzebia Gora POL"]
[Date "2015.??.??"]
[Round "8.78"]
[White "Burakowska, Gabriela"]
[Black "Murawko, Katarzyna"]
[Result "0-1"]
[WhiteElo "1783"]
[BlackElo "1977"]
[EventDate "2015.??.??"]
[WhiteTitle "I++"]
[BlackTitle "k"]

1.c4 Nf6 2.Nf3 g6 3.g3 Bg7 4.Bg2 O-O 5.Nc3 c5 6.e4 d6 7.O-O Be6 8.d3 Nc6 
9.h3 a6 10.Be3 Rb8 11.a4 h6 12.Qd2 Kh7 13.Nh2 Qd7 14.h4 Nh5 15.Nd5 b5 16.
cxb5 axb5 17.a5 Bxd5 18.exd5 Nd4 19.Bxd4 Bxd4 20.g4 Ng7 21.Rfe1 Rb7 22.Qe2
h5 23.g5 Ra7 24.Ra2 b4 25.Qf3 Qb5 26.Rea1 b3 0-1

[Event "POL-chT3"]
[Site "Jastrzebia Gora POL"]
[Date "2015.??.??"]
[Round "8.79"]
[White "Banasik, Krzysztof"]
[Black "Jurkiewicz, Krzysztof"]
[Result "1/2-1/2"]
[WhiteElo "2220"]
[BlackElo "2299"]
[EventDate "2015.??.??"]
[WhiteTitle "k"]
[BlackTitle "m"]

1.c4 c5 2.Nf3 Nc6 3.Nc3 e5 4.g3 f5 5.d3 Nf6 6.Bg2 Be7 7.O-O O-O 8.a3 d6 9.
Rb1 a5 10.Nd5 Nxd5 11.cxd5 Na7 12.b4 cxb4 13.axb4 axb4 14.Rxb4 b5 15.Be3 
Bd7 16.Qb3 Bf6 17.Ra1 Qb8 18.Rb1 Nc8 19.Ng5 Bxg5 20.Bxg5 Nb6 21.Be3 Na4 
22.f4 exf4 23.Bxf4 Nc5 24.Qb2 Qb6 25.Be3 Qa5 26.Bd4 Rf7 27.Qc1 Qc7 28.Ra1 
Rxa1 29.Qxa1 f4 30.Bf2 fxg3 31.hxg3 Qd8 32.Qc1 Qe7 33.Rf4 Rxf4 34.Qxf4 Qf6
35.Qc1 Qe7 36.Qf4 Qf6 37.Qc1 Qe7 38.Qf4 Qf6 39.Qc1 Qe7 40.Qf4 Qf6 1/2-1/2

[Event "POL-chT3"]
[Site "Jastrzebia Gora POL"]
[Date "2015.??.??"]
[Round "8.80"]
[White "Zaleski, Lukasz"]
[Black "Tustanowski, Robert"]
[Result "1-0"]
[WhiteElo "2052"]
[BlackElo "2226"]
[EventDate "2015.??.??"]
[WhiteTitle "k"]
[BlackTitle "m"]

1.e4 c5 2.Nf3 Nc6 3.d4 cxd4 4.Nxd4 g6 5.c4 Bg7 6.Be3 Nf6 7.Nc3 O-O 8.Be2 
d6 9.O-O Nxd4 10.Bxd4 a5 11.Rc1 Nd7 12.Be3 Nc5 13.f3 Be6 14.b3 Kh8 15.Qd2 
f5 16.exf5 Bxf5 17.Nd5 Bd7 18.Rfe1 Bc6 19.Rcd1 Rf7 20.Bf1 Nd7 21.Kh1 Kg8 
22.Bg5 Bf8 23.Nf4 Nc5 24.Nd3 b6 25.Qe3 Ra7 26.Ne5 Be8 27.Nxf7 Bxf7 28.Bd3 
a4 29.Be4 axb3 30.axb3 Nxe4 31.Qxe4 h6 32.Be3 Ra3 33.Ra1 d5 34.cxd5 Rxb3 
35.Red1 Rb5 36.d6 Qd7 37.dxe7 Qxe7 38.Qxe7 Bxe7 39.Rab1 Rxb1 40.Rxb1 h5 
41.Rxb6 Be8 42.Rb7 Bf6 43.Bc1 Kf8 44.Ba3+ Kg8 45.Bb2 Bg5 46.Bd4 Kf8 47.Kg1
Bf4 48.g3 Bd6 49.Kf2 h4 50.f4 hxg3+ 51.hxg3 Be7 52.Rc7 Bd6 53.Bc5 1-0

[Event "POL-chT3"]
[Site "Jastrzebia Gora POL"]
[Date "2015.??.??"]
[Round "8.81"]
[White "Szczesniak, Konrad"]
[Black "Bugalski, Michal"]
[Result "1/2-1/2"]
[WhiteElo "2156"]
[BlackElo "2162"]
[EventDate "2015.??.??"]
[WhiteTitle "k"]
[BlackTitle "k"]

1.d4 Nf6 2.Nf3 e6 3.Bg5 Be7 4.e3 O-O 5.Bd3 d6 6.Nbd2 b6 7.c3 Bb7 8.Qc2 
Nbd7 9.O-O-O Re8 10.Rdg1 Nf8 11.g4 Nd5 12.h4 c5 13.Bxe7 Qxe7 14.g5 cxd4 
15.exd4 e5 16.dxe5 dxe5 17.Ne4 Nb4 18.Qe2 Nxd3+ 19.Qxd3 Red8 20.Qe3 Qe6 
21.Nxe5 Bxe4 22.Qxe4 Re8 23.f4 Nd7 24.Re1 Qxa2 25.Qc4 Qxc4 26.Nxc4 Nc5 27.
Kc2 Ne4 28.Ne5 f5 29.Rh2 Red8 30.h5 Rd6 31.Rd1 Rxd1 32.Kxd1 Rd8+ 33.Kc2 
Rd5 34.g6 h6 35.Nf3 Kf8 36.Nd4 Ke7 37.Nc6+ Kd7 38.Nd4 Ke7 39.Nc6+ Kd7 40.
Nd4 Ke7 1/2-1/2

[Event "POL-chT3"]
[Site "Jastrzebia Gora POL"]
[Date "2015.??.??"]
[Round "8.82"]
[White "Zielinski, Wojciech"]
[Black "Siekaniec, Jan"]
[Result "1-0"]
[WhiteElo "2187"]
[BlackElo "2096"]
[EventDate "2015.??.??"]
[WhiteTitle "I++"]
[BlackTitle "k"]

1.e4 c5 2.Nf3 d6 3.d4 cxd4 4.Nxd4 Nf6 5.f3 a6 6.c4 e6 7.Nc3 Be7 8.Be3 O-O 
9.Be2 b6 10.O-O Bb7 11.Qd2 Nbd7 12.Rfd1 Qc7 13.Rac1 Rfe8 14.a4 Bf8 15.b3 
Ne5 16.Qa2 Rac8 17.h3 Nc6 18.Nxc6 Bxc6 19.Nb5 Qb8 20.Nd4 Ba8 21.Bf2 Rcd8 
22.b4 d5 23.exd5 exd5 24.c5 a5 25.c6 Qe5 26.bxa5 bxa5 27.Qd2 Nh5 28.c7 Rc8
29.Bb5 Bb4 30.Qe2 Qxe2 31.Nxe2 Re7 32.g4 Nf6 33.Bg3 Bb7 34.Nd4 Ba3 35.Rc2 
Ne8 36.Bxe8 Rexe8 37.Nb5 Bb4 38.Na7 Ra8 39.Nb5 f6 40.Bd6 Re6 41.Bxb4 axb4 
42.Rb1 Bc8 43.Rxb4 Rb6 44.Rc5 Be6 45.f4 Rc8 46.f5 Bd7 47.Rxd5 Rxc7 48.Nxc7
Rxb4 49.Rxd7 1-0

[Event "POL-chT3"]
[Site "Jastrzebia Gora POL"]
[Date "2015.??.??"]
[Round "8.83"]
[White "Tustanowski, Mateusz"]
[Black "Grota, Mateusz"]
[Result "0-1"]
[WhiteElo "1922"]
[BlackElo "1890"]
[EventDate "2015.??.??"]
[WhiteTitle "I"]
[BlackTitle "I"]

1.e4 e5 2.Nf3 Nc6 3.Bc4 Nf6 4.d3 Bc5 5.Nc3 d6 6.Bg5 Be6 7.Nd5 Na5 8.Nxf6+ 
gxf6 9.Bxe6 fxe6 10.Bh4 Nc6 11.c3 Qe7 12.b4 Bb6 13.a4 a5 14.b5 Nb8 15.d4 
Nd7 16.O-O O-O-O 17.Qd3 Rhg8 18.Qc4 Qg7 19.Bg3 f5 20.dxe5 f4 21.exd6 fxg3 
22.hxg3 Qxg3 23.Qxc7+ Bxc7 24.fxg3 Bxd6 25.Nd4 Rxg3 26.Nxe6 Rdg8 27.Ra2 
R8g6 28.Nf4 Rh6 29.Ne2 Bc5+ 30.Nd4 Rxc3 0-1

[Event "POL-chT3"]
[Site "Jastrzebia Gora POL"]
[Date "2015.??.??"]
[Round "8.84"]
[White "Cichocka, Urszula"]
[Black "Kubicka, Anna"]
[Result "0-1"]
[WhiteElo "1697"]
[BlackElo "2171"]
[EventDate "2015.??.??"]
[WhiteTitle "I++"]
[BlackTitle "m"]

1.e4 d6 2.d4 Nf6 3.Nc3 Nbd7 4.Bc4 e5 5.Nf3 Be7 6.h3 c6 7.Bb3 a6 8.a4 exd4 
9.Qxd4 Nc5 10.Ba2 O-O 11.O-O Ne6 12.Qd1 b5 13.e5 dxe5 14.Nxe5 Qc7 15.Bxe6 
Bxe6 16.f4 Bc5+ 17.Kh1 b4 18.Ne2 Ne4 19.Qe1 a5 20.Ng3 Nxg3+ 21.Qxg3 f6 22.
Nd3 Bd6 23.b3 c5 24.Nf2 Bf5 25.c4 bxc3 26.Qxc3 Rfb8 27.Qc4+ Kh8 28.Bd2 Bg6
29.Ne4 Bf8 30.Rab1 Re8 31.f5 Bf7 32.Qc2 Qc6 33.Nc3 Rab8 34.Bf4 Rb4 35.Qd1 
Qb7 36.Nb5 Bd5 37.Rb2 Bc4 38.Nc7 Bxf1 39.Nxe8 Rxf4 40.Qd8 Rd4 41.Qxa5 Rd1 
42.Kh2 Qb8+ 0-1

[Event "POL-chT3"]
[Site "Jastrzebia Gora POL"]
[Date "2015.??.??"]
[Round "8.85"]
[White "Gierulski, Kamil"]
[Black "Steczek, Marcin"]
[Result "1/2-1/2"]
[WhiteElo "2145"]
[BlackElo "2353"]
[EventDate "2015.??.??"]
[WhiteTitle "k"]
[BlackTitle "FM"]

1.e4 Nf6 2.e5 Nd5 3.d4 d6 4.c4 Nb6 5.exd6 exd6 6.Be3 Be7 7.Nf3 O-O 8.h3 
Bf5 9.Be2 Nc6 10.b3 Nb4 11.Na3 Bg6 12.O-O Bf6 13.Qd2 a5 14.Rac1 Re8 15.Nb5
c6 16.Nc3 Nd7 17.a3 Na6 18.Bf4 Nf8 19.Na4 Ne6 20.Be3 c5 21.Nc3 cxd4 22.
Nxd4 Bxd4 23.Bxd4 Nac5 24.Bd1 Nd3 25.Be3 Nxc1 26.Qxc1 Nc5 27.Bf3 Nxb3 28.
Qb2 a4 29.Bxb7 Rb8 30.Bd5 Nc5 31.Qc1 Qf6 32.Bc6 Nd3 33.Qd2 Rec8 34.Nd5 Qd8
35.Bb5 Nc5 36.Re1 Ne6 37.Ba6 Rc6 38.Bb5 Rcc8 39.Ba6 Rc5 40.Bxc5 dxc5 41.
Bb5 Qh4 42.Qe3 h6 43.Qc3 Nd4 44.Bxa4 Kh7 45.Bd1 Rb1 46.Ne3 Qf6 47.Nd5 Qh4 
48.Ne3 Qg5 49.Kh1 Qf4 50.Qd2 Ra1 51.a4 h5 1/2-1/2

[Event "POL-chT3"]
[Site "Jastrzebia Gora POL"]
[Date "2015.??.??"]
[Round "8.86"]
[White "Meczynski, Waldemar"]
[Black "Chmiel, Marcin"]
[Result "0-1"]
[WhiteElo "2106"]
[BlackElo "2086"]
[EventDate "2015.??.??"]
[WhiteTitle "k"]
[BlackTitle "I++"]

1.e4 e5 2.Nf3 Nc6 3.Bb5 a6 4.Ba4 Nf6 5.O-O b5 6.Bb3 Bc5 7.c3 d6 8.d4 Bb6 
9.h3 O-O 10.Re1 h6 11.a3 Re8 12.Bc2 Bb7 13.d5 Ne7 14.b3 Ng6 15.g3 Bc8 16.
Kg2 Nh5 17.Be3 Qe7 18.Nbd2 Rf8 19.Kh2 Nf6 20.Bxb6 cxb6 21.c4 Nh7 22.cxb5 
axb5 23.Qe2 Bd7 24.Bd3 f5 25.exf5 Bxf5 26.Ne4 Rf7 27.Rf1 Raf8 28.Nfd2 Bc8 
29.Bxb5 Ng5 30.Qh5 Bf5 31.Nxg5 hxg5 32.f3 e4 33.Rae1 e3 34.Nc4 e2 35.Rf2 
Bd3 36.Nxd6 Bxb5 37.Nxb5 Qc5 38.Kg2 Ne5 39.Rexe2 Rxf3 40.Rxf3 Nxf3 41.Qxf3
Rxf3 42.Kxf3 Qxd5+ 43.Kg4 Qxb5 44.Re3 Qc5 45.Kf3 Qxa3 46.g4 Qb2 47.Ke4 Kf7
48.Kf3 Qh2 49.Ke4 Ke6 50.Kd4+ Kd6 51.Kc4 Qf4+ 52.Kd3 Kd5 53.Ke2 Kd4 54.
Rd3+ Ke4 55.Rc3 Qh2+ 56.Kd1 0-1

[Event "POL-chT3"]
[Site "Jastrzebia Gora POL"]
[Date "2015.??.??"]
[Round "8.87"]
[White "Miasik, Adrian"]
[Black "Swiatnicki, Andrzej"]
[Result "0-1"]
[WhiteElo "1754"]
[BlackElo "2109"]
[EventDate "2015.??.??"]
[WhiteTitle "I"]
[BlackTitle "k"]

1.d4 d5 2.Nf3 Nf6 3.c4 c6 4.e3 Bg4 5.Nc3 e6 6.h3 Bh5 7.cxd5 exd5 8.Qb3 Qb6
9.Qxb6 axb6 10.Ne5 Nbd7 11.g4 Bg6 12.Nxg6 hxg6 13.Bg2 b5 14.Bd2 b4 15.Ne2 
Be7 16.Nc1 Ne4 17.Bxe4 dxe4 18.Ne2 f5 19.gxf5 gxf5 20.Nf4 Kf7 21.Ke2 g5 
22.Ng2 Nb6 23.a3 bxa3 24.bxa3 Rxa3 25.Rxa3 Bxa3 26.Rb1 Nd5 27.Rxb7+ Be7 
28.Ra7 Ke6 29.Ra6 Kd6 30.Bc1 Rxh3 31.Ba3+ Kd7 32.Ra7+ Ke6 33.Bxe7 Nxe7 34.
Ra6 Rh2 35.Kf1 Rh1+ 36.Ke2 Rb1 37.Ra8 Rg1 38.Ne1 Nd5 39.Rc8 Kd7 40.Rf8 f4 
41.exf4 Nxf4+ 42.Kd2 Rf1 43.f3 e3+ 44.Kxe3 Rxe1+ 45.Kf2 Re2+ 0-1

[Event "POL-chT3"]
[Site "Jastrzebia Gora POL"]
[Date "2015.??.??"]
[Round "8.88"]
[White "Walaszczyk, Witold"]
[Black "Ziemniak, Piotr"]
[Result "1-0"]
[WhiteElo "2143"]
[BlackElo "1838"]
[EventDate "2015.??.??"]
[WhiteTitle "k"]
[BlackTitle "I"]

1.d4 Nf6 2.Nf3 g6 3.c4 Bg7 4.g3 d6 5.Bg2 O-O 6.O-O c6 7.Nc3 Bg4 8.Nd2 e5 
9.dxe5 dxe5 10.h3 Be6 11.b3 Qd7 12.Kh2 Na6 13.Nf3 Qc7 14.Ba3 Rfd8 15.Qc2 
e4 16.Ng1 e3 17.f4 Qa5 18.Bb2 Rd2 19.Qc1 Rxb2 20.Qxb2 Ng4+ 21.hxg4 Bxc3 
22.Qb1 Bxa1 23.f5 Bxf5 24.gxf5 Bg7 25.Qd3 Qd2 26.fxg6 hxg6 27.Qe4 Rd8 28.
Qe7 Rd7 29.Qe8+ Bf8 30.Bd5 Re7 31.Bxf7+ Kg7 32.Qc8 Qd7 33.Qxd7 Rxd7 34.
Bxg6 Bd6 35.Bb1 1-0

[Event "POL-chT3"]
[Site "Jastrzebia Gora POL"]
[Date "2015.??.??"]
[Round "8.89"]
[White "Wasik, Roman"]
[Black "Smagalski, Jaroslaw"]
[Result "0-1"]
[WhiteElo "1531"]
[BlackElo "1889"]
[EventDate "2015.??.??"]
[WhiteTitle "II+"]
[BlackTitle "I"]

1.Nf3 Nf6 2.c4 e6 3.d4 Bb4+ 4.Nc3 c5 5.e3 Nc6 6.Be2 d6 7.O-O Bxc3 8.bxc3 
O-O 9.d5 Ne7 10.dxe6 fxe6 11.Qc2 e5 12.e4 Ng6 13.Bg5 h6 14.Bh4 Qc7 15.h3 
Be6 16.Rad1 Qc6 17.Rfe1 Nf4 18.Bf1 g5 19.Bg3 N6h5 20.Qd2 Rad8 21.h4 g4 22.
Nh2 Kh7 23.Re3 Qd7 24.Be2 Nxe2+ 25.Qxe2 Nf4 26.Qd2 Bxc4 27.Qc2 a5 28.Bxf4 
Rxf4 29.g3 Rf6 30.f4 gxf3 31.Nxf3 Qf7 32.Qg2 Rf8 33.Nh2 Rf2 34.Qh3 Rxa2 
35.Nf3 Be2 36.Rxd6 Bxf3 0-1

[Event "POL-chT3"]
[Site "Jastrzebia Gora POL"]
[Date "2015.??.??"]
[Round "8.90"]
[White "Bukowska, Katarzyna"]
[Black "Wasik, Justyna"]
[Result "1-0"]
[WhiteElo "1923"]
[BlackElo "1369"]
[EventDate "2015.??.??"]
[WhiteTitle "k++"]
[BlackTitle "I"]

1.e4 d6 2.d4 g6 3.f4 Bg7 4.Nf3 c5 5.dxc5 Qa5+ 6.c3 Qxc5 7.Bd3 Nf6 8.Qe2 
O-O 9.Be3 Qc7 10.h3 Nbd7 11.Nbd2 Nc5 12.Bc2 b6 13.g4 Ba6 14.Qh2 Nd3+ 15.
Bxd3 Bxd3 16.e5 dxe5 17.Nxe5 Rad8 18.Bd4 Ba6 19.Ndf3 Bb7 20.Rf1 Be4 21.Ng5
Bd5 22.h4 h5 23.gxh5 Nxh5 24.Qc2 Rd6 25.O-O-O Ng3 26.Rg1 Nf5 27.h5 Nxd4 
28.Rxd4 f6 29.Qxg6 fxg5 30.Qxg5 e6 31.h6 Kh7 32.hxg7 Rg8 33.Qg6# 1-0

[Event "POL-chT3"]
[Site "Jastrzebia Gora POL"]
[Date "2015.??.??"]
[Round "8.91"]
[White "Marszalek, Maciej"]
[Black "Kaczmarek, Aleksander"]
[Result "0-1"]
[WhiteElo "2330"]
[BlackElo "2294"]
[EventDate "2015.??.??"]
[WhiteTitle "m"]
[BlackTitle "FM"]

1.d4 c5 2.d5 e6 3.c4 exd5 4.cxd5 d6 5.Nc3 a6 6.a4 g6 7.e4 Bg7 8.Be2 Ne7 9.
Nf3 O-O 10.O-O h6 11.Nd2 Nd7 12.Nc4 Nb6 13.Ne3 f5 14.a5 f4 15.axb6 fxe3 
16.Bxe3 Qxb6 17.Qd2 Kh7 18.Ra3 Bd7 19.Rfa1 Rae8 20.Bd3 Ng8 21.Qc2 Qd8 22.
Ne2 Qf6 23.Rb1 b5 24.Ng3 c4 25.Be2 Bc8 26.b3 cxb3 27.Raxb3 Qh4 28.Bd3 Nf6 
29.e5 Rxe5 30.Bxg6+ Kh8 31.Rb4 Ng4 32.Nf1 Nxe3 33.Nxe3 Qf6 34.Bd3 Bd7 35.
R4b2 Rh5 36.Rb4 a5 37.Re4 b4 38.Qe2 Rh4 39.Rxh4 Qxh4 40.Bc2 Bb5 41.Qxb5 
Qxf2+ 42.Kh1 Qxe3 43.Qc4 Qd4 44.Qe2 Be5 45.Rf1 Kg7 46.Rxf8 Kxf8 47.Qf3+ 
Ke7 48.g3 Qa1+ 49.Kg2 Qb2 50.Qb3 Qxb3 51.Bxb3 Kd7 52.g4 Kc7 53.h4 Kb6 54.
Kf3 Kb5 0-1

[Event "POL-chT3"]
[Site "Jastrzebia Gora POL"]
[Date "2015.??.??"]
[Round "8.92"]
[White "Bakalarz, Leszek"]
[Black "Weissbein, Thomas"]
[Result "1/2-1/2"]
[WhiteElo "2124"]
[BlackElo "2260"]
[EventDate "2015.??.??"]
[WhiteTitle "FM"]
[BlackTitle "k+"]

1.e4 d6 2.d4 Nf6 3.Nc3 g6 4.Nf3 Bg7 5.Be2 O-O 6.O-O a6 7.a4 Nc6 8.h3 e5 9.
Be3 Re8 10.d5 Nd4 11.Nxd4 exd4 12.Bxd4 Nxe4 13.Bxg7 Kxg7 14.Nxe4 Rxe4 15.
Bf3 Re5 16.Kh2 Bf5 17.g3 Qe7 18.Ra3 Re8 19.Rc3 f6 20.Qd4 Qf7 21.Qa7 Bc8 
22.b3 h5 23.Rd1 Qd7 24.Bg2 Re2 25.Rdd3 R8e7 26.Rf3 b6 27.Rfe3 R2xe3 28.
fxe3 Kf8 29.e4 Ke8 30.Kg1 Kd8 31.Rf3 Rxe4 32.Rxf6 Qg7 33.Rf1 Re2 34.Qa8 
Rxc2 35.h4 Qd4+ 36.Kh1 Qd2 37.Rg1 Rc1 38.Rxc1 Qxc1+ 39.Kh2 Qc2 40.b4 Kd7 
41.a5 bxa5 42.bxa5 Kd8 43.Qb8 Qc3 44.Bh3 Qd2+ 45.Kg1 Qe1+ 46.Kg2 Qe2+ 47.
Kg1 Qe1+ 48.Kg2 1/2-1/2

[Event "POL-chT3"]
[Site "Jastrzebia Gora POL"]
[Date "2015.??.??"]
[Round "8.93"]
[White "Widla, Piotr"]
[Black "Harazinska, Ewa"]
[Result "1-0"]
[WhiteElo "2009"]
[BlackElo "2055"]
[EventDate "2015.??.??"]
[WhiteTitle "I++"]
[BlackTitle "WFM"]

1.e4 c5 2.Nc3 Nc6 3.g3 g6 4.Bg2 Bg7 5.d3 d6 6.Be3 e5 7.Qd2 Nge7 8.Nh3 O-O 
9.O-O Rb8 10.f4 exf4 11.Nxf4 b5 12.a3 a5 13.Nfd5 b4 14.axb4 axb4 15.Nxe7+ 
Nxe7 16.Nd1 Nc6 17.Bh6 Nd4 18.Bxg7 Kxg7 19.Ne3 Be6 20.Qf2 Qe7 21.Kh1 h5 
22.Qf4 Ne2 23.Qf2 Nd4 24.Qf4 f6 25.Ra6 Rfd8 26.Qf2 Ra8 27.e5 Qf8 28.Qxf6+ 
1-0

[Event "POL-chT3"]
[Site "Jastrzebia Gora POL"]
[Date "2015.??.??"]
[Round "8.94"]
[White "Jedras, Piotr"]
[Black "Popiol, Michal"]
[Result "0-1"]
[WhiteElo "2030"]
[BlackElo "1931"]
[EventDate "2015.??.??"]
[WhiteTitle "I+"]
[BlackTitle "II+"]

1.e4 e6 2.d4 d5 3.Nc3 Bb4 4.e5 c5 5.Bd2 Ne7 6.a3 Bxc3 7.bxc3 Nbc6 8.Qg4 
Nf5 9.Nf3 h5 10.Qf4 c4 11.Be2 Nce7 12.h4 Bd7 13.Qh2 Ba4 14.Ra2 Qb6 15.O-O 
O-O-O 16.Kh1 Ng8 17.Qg1 Ngh6 18.Rb1 Qc7 19.Rb4 Bc6 20.g3 Ng4 21.Bf4 Ne7 
22.Ng5 Ng6 23.Bd2 Qe7 24.f4 Rdf8 25.Nf3 Qc7 26.Nh2 Nxh2 27.Kxh2 Ne7 28.a4 
Nf5 29.Bc1 f6 30.a5 g5 31.fxg5 fxe5 32.Kh3 Nd6 33.dxe5 Ne4 34.Qd4 Rf2 35.
Bd1 Qf7 36.Qxa7 Qf5+ 37.g4 hxg4+ 38.Bxg4 Rf3+ 39.Kh2 Rxh4+ 40.Kg2 Qxg4# 
0-1

[Event "POL-chT3"]
[Site "Jastrzebia Gora POL"]
[Date "2015.??.??"]
[Round "8.95"]
[White "Sukiennik, Marek"]
[Black "Koziej, Maciej"]
[Result "1-0"]
[WhiteElo "1963"]
[BlackElo "1985"]
[EventDate "2015.??.??"]
[WhiteTitle "I"]
[BlackTitle "I++"]

1.d4 f5 2.c4 Nf6 3.Nc3 e6 4.Bf4 Bb4 5.f3 O-O 6.e3 d6 7.Bd3 c5 8.Ne2 Nc6 9.
Bg3 e5 10.d5 Ne7 11.Qc2 a6 12.O-O Qe8 13.a3 Ba5 14.Rab1 Qh5 15.Bf2 Bc7 16.
b4 Nd7 17.Ng3 Qg5 18.e4 f4 19.Nf5 Nxf5 20.exf5 b5 21.Ne4 Qh5 22.g4 fxg3 
23.hxg3 Rxf5 24.Nxc5 Qh3 25.Ne6 e4 26.Nxc7 Ne5 27.Bxe4 Rf8 1-0

[Event "POL-chT3"]
[Site "Jastrzebia Gora POL"]
[Date "2015.??.??"]
[Round "8.96"]
[White "Harazinska, Magdalena"]
[Black "Wesolowska, Hanna"]
[Result "0-1"]
[WhiteElo "1819"]
[BlackElo "1994"]
[EventDate "2015.??.??"]
[WhiteTitle "I++"]
[BlackTitle "WFM"]

1.d4 Nf6 2.c4 e6 3.Nc3 b6 4.e4 Bb7 5.f3 d6 6.Bd3 Nbd7 7.Nge2 g6 8.O-O Bg7 
9.Be3 O-O 10.Kh1 e5 11.d5 Nc5 12.Bc2 a5 13.Qd2 Ba6 14.b3 Re8 15.g4 Bc8 16.
Ng3 Kh8 17.h4 Bd7 18.Kg2 h5 19.Bg5 Qc8 20.Bxf6 Bxf6 21.Nxh5 Bg7 22.Ng3 f6 
23.Rh1 Kh7 24.Rh2 Rh8 25.Rah1 Kg8 26.g5 Qd8 27.gxf6 Qxf6 28.h5 Rf8 29.Qe3 
Bh6 30.Qe2 Bf4 31.Rg1 Bxg3 32.Kxg3 Qf4+ 33.Kg2 Rxh5 34.Rxh5 gxh5 35.Bd1 
Kh7 36.Kf1 Bg4 37.Kf2 Bxf3 38.Qxf3 Qd2+ 39.Ne2 Nxe4+ 40.Kg2 Rxf3 41.Kxf3 
Ng5+ 42.Kg2 h4 43.Kh1 Qe3 44.Bc2+ Kh6 45.Rg2 Qf3 46.Ng1 Qf1 47.Rg4 h3 48.
Be4 Kh5 0-1

[Event "POL-chT3"]
[Site "Jastrzebia Gora POL"]
[Date "2015.??.??"]
[Round "8.98"]
[White "Badyra, Wasyl"]
[Black "Fudalej, Michal"]
[Result "0-1"]
[WhiteElo "2030"]
[BlackElo "2215"]
[EventDate "2015.??.??"]
[WhiteTitle "I"]
[BlackTitle "FM"]

1.e4 c6 2.Nf3 d5 3.Nc3 Bg4 4.h3 Bxf3 5.Qxf3 e6 6.d4 Nf6 7.e5 Nfd7 8.Qg3 a6
9.Be3 c5 10.Bd3 Nc6 11.Qf4 g5 12.Qg4 h5 13.Qg3 cxd4 14.Bxg5 Qa5 15.Bd2 
dxc3 16.Bxc3 Bb4 17.O-O Bxc3 18.bxc3 Ncxe5 19.Rfe1 Qxc3 20.Rab1 Ke7 21.
Qg5+ f6 22.Qg7+ Kd6 23.Rxe5 Qxe5 24.Rxb7 Rhd8 25.c4 Kc6 26.Rb1 a5 27.Kf1 
Nc5 28.Qf7 Rd7 29.Qg6 Kc7 30.Re1 Qg5 0-1

[Event "POL-chT3"]
[Site "Jastrzebia Gora POL"]
[Date "2015.??.??"]
[Round "8.100"]
[White "Zolnierowicz, Krzysztof"]
[Black "Halamus-bulska, Agata"]
[Result "1-0"]
[WhiteElo "2043"]
[BlackElo "2058"]
[EventDate "2015.??.??"]
[WhiteTitle "IM"]
[BlackTitle "k"]

1.e4 c5 2.Nf3 Nc6 3.Bb5 d6 4.O-O Bg4 5.c3 a6 6.Bxc6+ bxc6 7.d3 e5 8.Nbd2 
Nf6 9.Re1 Be7 10.h3 Bh5 11.Nf1 O-O 12.Ng3 Bg6 13.Nh4 Ne8 14.Nhf5 Bf6 15.
Qg4 Kh8 16.Be3 Nc7 17.f4 Bxf5 18.Nxf5 g6 19.Nh6 exf4 20.Bxf4 Qe7 21.Rf1 
Rad8 22.Rf2 Bg7 23.Raf1 f6 24.h4 Qd7 25.Qg3 Ne6 26.Bc1 d5 27.h5 gxh5 28.e5
Bxh6 29.Bxh6 Rg8 30.Qh4 Rg6 31.Rxf6 Rdg8 32.Rxg6 hxg6 33.Bc1 Rf8 34.Rxf8+ 
Nxf8 35.Qf6+ Qg7 36.Qd6 Kg8 37.Be3 d4 38.cxd4 cxd4 39.Bxd4 Qd7 40.Qxd7 
Nxd7 1-0

[Event "POL-chT3"]
[Site "Jastrzebia Gora POL"]
[Date "2015.??.??"]
[Round "8.101"]
[White "Lozynski, Kamil"]
[Black "Stolarczyk, Adam"]
[Result "0-1"]
[WhiteElo "1903"]
[BlackElo "2160"]
[EventDate "2015.??.??"]
[WhiteTitle "I"]
[BlackTitle "k"]

1.d4 Nf6 2.c4 d6 3.Nc3 g6 4.e4 Bg7 5.f3 O-O 6.Bg5 c6 7.Qd2 a6 8.Bh6 b5 9.
Bxg7 Kxg7 10.b3 Qc7 11.Bd3 e5 12.d5 b4 13.Nd1 cxd5 14.cxd5 a5 15.Ne2 Nbd7 
16.O-O Nc5 17.Bc4 Nfd7 18.Ng3 Qd8 19.Ne3 Nb6 20.f4 exf4 21.Rxf4 f6 22.Raf1
Ra7 23.h4 Raf7 24.h5 Rg8 25.Qd4 Rgf8 26.Ng4 Nbd7 27.Be2 Ne5 28.Qd2 Bxg4 
29.Bxg4 Ncd3 30.Be6 Qb6+ 31.Kh1 Nxf4 32.Bxf7 Rxf7 33.Qxf4 Qd4 34.h6+ Kg8 
35.Rc1 Rf8 36.Rf1 Qb2 37.Qe3 Ng4 38.Qf4 Ne5 39.Qe3 Qc3 40.Qa7 Nf7 41.Rf3 
Qc1+ 42.Nf1 Qxh6+ 43.Kg1 Qh4 44.Qxa5 Qxe4 45.Qb6 Ne5 46.Re3 Qxd5 47.Qxb4 
f5 48.Qf4 Rc8 49.Rh3 Ng4 50.b4 Rc2 51.Rf3 Qxa2 52.Qxd6 Rxg2+ 53.Kh1 Nf2+ 
54.Rxf2 Rxf2 55.Qd8+ Kf7 56.Qd7+ Kf6 57.Qd8+ Ke5 58.Qe7+ Kd4 59.Qc5+ Kd3 
60.Qe3+ Kc4 61.Qc1+ Kb3 62.Qe3+ Kxb4 63.Qd4+ Kb5 64.Qd7+ Kc5 65.Qc7+ Kd5 
66.Qd7+ Ke5 0-1